000 00216nam a2200097Ia 4500
008 220204s9999 xx 000 0 und d
082 _a331+362
_bILO
245 0 _aILO and social security
260 _bILO
942 _cBK
999 _c22113
_d22113